| 000 | 01010nam a2200313Ia 4500 | ||
|---|---|---|---|
| 003 | OSt | ||
| 005 | 20220912144924.0 | ||
| 006 | a|||||r|||| 00| 0 | ||
| 007 | ta | ||
| 008 | 220909b |||||||| |||| 00| 0 eng d | ||
| 020 | _a9780521760362 (hbd) | ||
| 024 | _a99495 | ||
| 037 | _b754, 18/03/2010, Dhanraj Book House | ||
| 037 | _cTextbook | ||
| 040 |
_aCSL _beng _cCSL |
||
| 041 | _aeng | ||
| 082 | _aB316-2, P9 TB | ||
| 100 | _aGrandis Marco | ||
| 245 | 0 | _aDirected algebraic topology:models of non-reversible worlds | |
| 260 |
_aCambridge _bCambridge University Press _c2009 |
||
| 300 |
_aix, 434p. _ccm. |
||
| 490 | _aNew mathematical monographs, 13 | ||
| 500 | _aAppendix A1-A5, 397-417p.; References 418-423p.; Glossary 424-426p.; Index 427-434p. | ||
| 650 | _a Algebraic topology | ||
| 650 | _a Analytic topology | ||
| 650 | _aMathematics | ||
| 942 |
_hB316-2, P9 TB _cTB _2CC |
||
| 999 |
_c19107 _d19107 |
||